LEADER 01021nam a2200241 4500 001 000000353671 003 CaOOAMICUS 005 20230508103610.0 008 230508s2021 fr a 000 u fre r 020 $a978-2-07-292470-5 040 $aSeMil$bita 041 $afre 100 1 $aPomian, Krzysztof,$d<1934- >.$0(OLS)http://semarc/name/46463 245 10$a2: L?ancrage européen, 1789-1850 /$cKrzysztof Pomian. 264 1$a[Paris] :$bGallimard,$c2021. 300 $a546 p. :$bill. ;$c23 cm 773 0 $aPomian, Krzysztof <1934- >$tMusée, une histoire mondiale.$d[Paris] : Gallimard, 2020-2022.$kBibliothèque illustrée des histoires$g2$w()353658 850 $aSeMil 852 $aSeMil$W1$xVenegono$y1$m5E I 23$j240080$B244890$CSeMilBibl$Z2$F244890 $81 996 $6020$a978-2-07-292470-5$9(OLS)http://semarc/number/298084 996 $6245$a2: L?ancrage européen, 1789-1850$9(OLS)http://semarc/title/443778 996 $6264$a[Paris] :$bGallimard$9(OLS)http://semarc/publisher/30050 LEADER 00746nam a2200193 i 4500 001 000000043261 003 CaOOAMICUS 005 20120905000000.0 008 120905s1857 it u000 u ita u 013 $a14431 040 $aSeMil$bita 245 10$aParte 1. 300 $a503 p. 490 0 $aBiblioteca cattolica popolare 773 0 $aNicolas, Jean-Jacques-Auguste <1807-1888>$tVergine Maria secondo il Vangelo.$bNuova ed. riveduta e corretta approvata dall'autore.$dMilano : Carlo Turati, 1857.$g1$w()27331 830 0$aBiblioteca cattolica popolare.$0(OLS)http://semarc/title/36986 850 $aSeMil 852 $aSeMil$W1$xVenegono$y1$m2B II 56 FA$j9416$B9416$CSeMilBibl$Z2$F9416 $8I 996 $6245$aParte 1$9(OLS)http://semarc/title/49080